Statistics for 陸上十種競技-種目

Click here to take the quiz!

General Stats

  • This quiz has been taken 56 times
  • The average score is 9 of 10

Answer Stats

Answer% Correct
100m
92%
走幅跳
88%
走高跳
88%
やり投
88%
110mH
88%
砲丸投
87%
1500M
83%
棒高跳
81%
400m
81%
円盤投
79%

Score Distribution

Percentile by Number Answered

Percent of People with Each Score

Your Score History

You have not taken this quiz